プロ野球スピリッツA【プロスピA】 特殊能力「フルスイング」を所持する選手名 - Statistics

General Stats
  • This quiz has been taken 119 times
    11 since last reset
  • The average score is 14 of 37
Answer Stats
球団名 選手名 % Correct
阪神 佐藤輝明
86%
DeNA(OB) 古木克明
86%
ソフトバンク 山川穂高
86%
ソフトバンク(OB) 門田博光
86%
オリックス 森友哉
86%
巨人 リチャード
71%
日本ハム 万波中正
71%
DeNA(TS) 田代富雄
57%
中日 中田翔
57%
日本ハム(TS) 中田翔
57%
日本ハム F.レイエス
57%
DeNA T.オースティン
57%
DeNA(OB) T.スレッジ
57%
楽天 浅村栄斗
43%
ロッテ G.ポランコ
43%
ヤクルト J.オスナ
43%
広島 末包昇大
29%
日本ハム 小笠原道大
29%
日本ハム 阪口樂
29%
日本ハム A.マルティネス
29%
西武 F.コルデロ
29%
広島 J.シャイナー
29%
オリックス L.セデーニョ
29%
西武 L.セデーニョ
29%
楽天 M.フランコ
29%
ロッテ 山口航輝
14%
広島 B.エルドレッド
14%
西武(OB) E.メヒア
14%
阪神 J.ミエセス
14%
ソフトバンク(OB) T.バティスタ
14%
日本ハム(OB) T.ソレイタ
14%
ソフトバンク 笹川吉康
0%
楽天 石原彪
0%
広島(OB) A.ギャレット
0%
西武 A.ガルシア
0%
オリックス C.トーマス
0%
オリックス(OB) D.スペンサー
0%
No matching quizzes found
Score Distribution
Percent of People with Each Score
Percentile by Number Answered
Your Score History
You have not taken this quiz since the last reset